Los Movimientos femeninos en Centroamérica: 1970 - 1983
Αποθηκεύτηκε σε:
| Κύριος συγγραφέας: | |
|---|---|
| Μορφή: | Κείμενο |
| Έκδοση: |
s.l:
s.e.
|
| Ετικέτες: |
Προσθήκη ετικέτας
Δεν υπάρχουν, Καταχωρήστε ετικέτα πρώτοι!
|
MARC
| LEADER | 00000 a a2200000 04500 | ||
|---|---|---|---|
| 001 | 25242 | ||
| 003 | |||
| 040 | |||
| 090 | |a 180500 | ||
| 100 | |a Navas, María Candelaria | ||
| 245 | |a Los Movimientos femeninos en Centroamérica: 1970 - 1983 | ||
| 260 | |a s.l: |b s.e. | ||
| 300 | |a 63 p |b **no definido** | ||
| 999 | |c 12824 |d 12824 | ||
